LEADER 00937nam a2200241 i 4500 001 000000139924 003 CaOOAMICUS 005 20050601000000.0 008 050601s1963 it u000 u ita u 013 $a114057 040 $aSeMil$bita 100 1 $aWilletts, William.$0(OLS)http://semarc/name/6481 245 10$aVolume primo. 300 $aXXXI, 494 p., [16] p. di tav. 490 0 $aLe piccole storie illustrate ;$v109./110 500 $aContiene : Appendici. 650 4$aArte cinese - Storia.$0(OLS)http://semarc/subject/20617 773 0 $aWilletts, William$tArte cinese.$dFirenze : Sansoni, copyr. 1963.$w()13602 830 3$aLe piccole storie illustrate [Sansoni] ;$v109./110.$0(OLS)http://semarc/title/8013 850 $aSeMil 852 $aSeMil$W1$xVenegono$y1$m5P I 75$j93313$B93313$CSeMilBibl$Z2$F98636 $81 961 $aOmaggio: Pelizzi Carla ved. Ferrari 996 $6245$aVolume primo$9(OLS)http://semarc/title/17661 LEADER 01531nam a2200301 i 4500 001 000000366192 003 CaOOAMICUS 005 20260130135542.0 008 260130s1965 xxc u000 u eng u 020 $a0-88844-010-3 020 $a978-0-88844-010-5 040 $aSeMil$bita 100 1 $aHäring, Nikolaus M.,$d<1909-1982>.$0(OLS)http://semarc/name/92155 245 10$aLife and works of Clarembald of Arras :$ba Twelfth-century master of the school of Chartres /$cNikolaus M. Häring. 260 $aToronto :$bPontifical institute of Mediaeval studies,$c1965. 300 $aXII, 276 p. ;$c24 cm. 490 0 $aStudies and texts ;$v10 600 04$aClarembaldo .$0(OLS)http://semarc/subject/59433 650 4$aTeologia - Sec. 12.$0(OLS)http://semarc/subject/48796 700 0 $aClarembaldus,$c.$0(OLS)http://semarc/name/123674 830 0$aStudies and texts / Pontifical institute of medieval studies ;$v10.$0(OLS)http://semarc/title/104084 850 $aSeMil 852 $aSeMil$W1$xVenegono$y1$m2NA U 10$j266834$B256960$CSeMilBibl$Z2$F256960 $81 996 $6020$a0-88844-010-3$9(OLS)http://semarc/number/305174 996 $6020$a978-0-88844-010-5$9(OLS)http://semarc/number/305175 996 $6245$aLife and works of Clarembald of Arras :$ba Twelfth-century master of the school of Chartres$9(OLS)http://semarc/title/457915 996 $6260$aToronto :$bPontifical institute of Mediaeval studies$9(OLS)http://semarc/publisher/35501